[Event "CFriend RL-2004-0-00020 email"]
[Site "Chessfriend.com"]
[Date "2004.03.16"]
[Round "?"]
[White "Hasidume, Shuji"]
[Black "Brown, Leslie"]
[Result "1-0"]
[WhiteElo "1444"]
[BlackElo "1134"]
[PlyCount "43"]
[EventDate "2004.??.??"]
[EventType "tourn (corr)"]
[EventRounds "6"]
[SourceTitle "Corr 2008"]
[Source "ChessBase"]
[SourceDate "2008.06.24"]
[SourceVersion "1"]
[SourceVersionDate "2008.06.24"]
[SourceQuality "1"]

1. e4 c5 2. Nf3 d6 3. d4 cxd4 4. Nxd4 Nf6 5. Nc3 Nc6 6. Bc4 a6 7. Nxc6 bxc6 8. 0-0 g6 9. e5 Nd7 10. exd6 Ne5 11. Re1 Nxc4 12. Qd4 e5 13. Rxe5+ Nxe5 14. Qxe5+ Be6 15. Ne4 Kd7 16. Bg5 Be7 17. dxe7 Qb6 18. Rd1+ Bd5 19. Rxd5+ cxd5 20. Qxd5+ Kc8 21. Qxa8+ Qb8 22. Qc6+ 1-0

[Event "IECG CE.2003.0.00051 email"]
[Site "IECG email"]
[Date "2003.04.22"]
[Round "?"]
[White "Brown, Leslie"]
[Black "Sturdivant, Al"]
[Result "0-1"]
[WhiteElo "1200"]
[BlackElo "1331"]
[PlyCount "56"]
[EventDate "2003.04.22"]
[EventType "tourn (corr)"]
[EventRounds "6"]
[SourceTitle "Corr 2008"]
[Source "ChessBase"]
[SourceDate "2008.06.24"]
[SourceVersion "1"]
[SourceVersionDate "2008.06.24"]
[SourceQuality "1"]

1. e4 e6 2. d4 d5 3. Nc3 Nf6 4. e5 Nfd7 5. Nce2 c5 6. c3 Nc6 7. Nf3 cxd4 8. cxd4 Nb6 9. Nc3 Bd7 10. a3 Rc8 11. Bd3 Be7 12. 0-0 Na5 13. Re1 h6 14. Nd2 a6 15. Qg4 g6 16. Bxg6 Rg8 17. Bxf7+ Kxf7 18. Qh5+ Rg6 19. Nf3 Nb3 20. Rb1 Nxc1 21. Rbxc1 Bg5 22. Rcd1 Kg7 23. h4 Be7 24. Ne2 Kh7 25. Nf4 Rg8 26. Qf7+ Rg7 27. Qh5 Be8 28. Nxe6 Bxh5 0-1

[Event "IECG CE.2003.0.00051 email"]
[Site "IECG email"]
[Date "2003.04.22"]
[Round "?"]
[White "Brueckner, Helmut"]
[Black "Brown, Leslie"]
[Result "1-0"]
[WhiteElo "1217"]
[BlackElo "1200"]
[PlyCount "33"]
[EventDate "2003.04.22"]
[EventType "tourn (corr)"]
[EventRounds "6"]
[SourceTitle "Corr 2008"]
[Source "ChessBase"]
[SourceDate "2008.06.24"]
[SourceVersion "1"]
[SourceVersionDate "2008.06.24"]
[SourceQuality "1"]

1. e4 c5 2. Nf3 d6 3. d4 cxd4 4. Nxd4 Nc6 5. Nc3 a6 6. Be3 Nf6 7. Be2 d5 8. Nxd5 Nxe4 9. Nb5 axb5 10. Bb6 Qd6 11. Nc7+ Kd7 12. Nxa8 e6 13. 0-0 Be7 14. Bc7 Qxd1 15. Raxd1+ Ke8 16. Nb6 Na7 17. Bb8 1-0

[Event "IECG CE.2003.0.00051 email"]
[Site "IECG email"]
[Date "2003.04.22"]
[Round "?"]
[White "Kluwe, Matthias"]
[Black "Brown, Leslie"]
[Result "1-0"]
[WhiteElo "1295"]
[BlackElo "1200"]
[PlyCount "71"]
[EventDate "2003.04.22"]
[EventType "tourn (corr)"]
[EventRounds "6"]
[SourceTitle "Corr 2008"]
[Source "ChessBase"]
[SourceDate "2008.06.24"]
[SourceVersion "1"]
[SourceVersionDate "2008.06.24"]
[SourceQuality "1"]

1. Nf3 Nf6 2. c4 d6 3. Nc3 g6 4. d4 Bg7 5. Bf4 0-0 6. e3 c5 7. d5 Qa5 8. Nd2 Nh5 9. Bg5 Re8 10. Qc1 a6 11. Be2 Nf6 12. 0-0 Nbd7 13. Nb3 Qc7 14. e4 b6 15. f4 Nf8 16. f5 Bd7 17. Qe3 a5 18. a4 Kh8 19. fxg6 Nxg6 20. h3 Rg8 21. Rf3 Ne5 22. Rg3 Qd8 23. Rf1 Qe8 24. Nb5 Bxb5 25. cxb5 c4 26. Nd2 Qd8 27. Nxc4 Nxc4 28. Bxc4 Nh5 29. Rgf3 Bxb2 30. Rxf7 Ba3 31. Qc3+ Rg7 32. Bh6 Bc5+ 33. Kh2 Qg8 34. Rxe7 Bb4 35. Qa1 Rf8 36. Rxg7 1-0